Completed Road Projects: January 2017- December 2022 (Periodicals) (Record no. 5762)

MARC details
000 -LEADER
fixed length control field 00537nam a22001697a 4500
003 - CONTROL NUMBER IDENTIFIER
control field OSt
005 - DATE AND TIME OF LATEST TRANSACTION
control field 20251208103455.0
008 - FIXED-LENGTH DATA ELEMENTS--GENERAL INFORMATION
fixed length control field 251119b |||||||| |||| 00| 0 eng d
041 ## - LANGUAGE CODE
Language code of text/sound track or separate title English
082 ## - DEWEY DECIMAL CLASSIFICATION NUMBER
Classification number PER/019/23 C1
110 ## - MAIN ENTRY--CORPORATE NAME
Corporate name or jurisdiction name as entry element Ministry of Road And Highways
245 ## - TITLE STATEMENT
Title Completed Road Projects: January 2017- December 2022 (Periodicals)
260 ## - PUBLICATION, DISTRIBUTION, ETC.
Place of publication, distribution, etc. Accra:
Name of publisher, distributor, etc. Ministry of Roads and Highways,
Date of publication, distribution, etc. 2023.
300 ## - PHYSICAL DESCRIPTION
Extent 231p.; pics. tabs.
653 ## - INDEX TERM--UNCONTROLLED
Uncontrolled term Completed Road Projects: January 2017- December 2022
942 ## - ADDED ENTRY ELEMENTS (KOHA)
Source of classification or shelving scheme Dewey Decimal Classification
Koha item type Periodicals
Suppress in OPAC No
Holdings
Withdrawn status Lost status Source of classification or shelving scheme Damaged status Not for loan Home library Current library Shelving location Date acquired Total checkouts Full call number Date last seen Copy number Price effective from Koha item type
    Dewey Decimal Classification     Main Library Main Library Open Shelves 19/11/2025   PER/019/23 19/11/2025 1 19/11/2025 Periodicals
    Dewey Decimal Classification     Main Library Main Library Open Shelves 19/11/2025   PER/020/23 19/11/2025 2 19/11/2025 Periodicals
©2026  Parliament of Ghana Library - All rights reserved